Länder Europas nach Einwohnerzahl - Statistiken

Allgemein
  • Dieses Quiz wurde 1.056 mal gespielt
    1.031 seit der letzten Aktualisierung
  • Das Durchschnittsergebnis liegt bei 39 aus 47
Antwortstatistiken
Einwohnerzahl Ländername % Korrekt
83.000.000 Deutschland
99%
114.600.000 Russland (mit Krim, nur europäische Seite)
98%
67.000.000 Frankreich
97%
46.500.000 Spanien
95%
60.500.000 Italien
93%
39.000.000 Polen
93%
66.000.000 Vereinigtes Königreich
93%
42.900.000 Ukraine (ohne Krim)
92%
10.200.000 Schweden
91%
10.600.000 Portugal
90%
8.800.000 Österreich
89%
5.500.000 Finnland
88%
17.300.000 Niederlande
88%
5.300.000 Norwegen
88%
19.900.000 Rumänien
88%
11.400.000 Belgien
87%
8.500.000 Schweiz
87%
10.637.000 Tschechien
87%
11.200.000 Griechenland
86%
9.800.000 Ungarn
86%
4.200.000 Kroatien
85%
5.400.000 Slowakei
85%
1.000 Vatikan
85%
1.324.000 Estland
84%
1.934.000 Lettland
84%
2.794.000 Litauen
84%
7.058.000 Serbien
84%
7.050.000 Bulgarien
83%
5.700.000 Dänemark (mit Färöer, ohne Grönland)
83%
2.064.000 Slowenien
83%
4.800.000 Irland
82%
38.111 Liechtenstein
82%
602.000 Luxemburg
82%
9.500.000 Weißrussland
82%
78.000 Andorra
81%
2.800.000 Albanien
79%
38.400 Monaco
79%
1.895.000 Kosovo
78%
33.000 San Marino
78%
3.500.000 Bosnien und Herzegowina
77%
357.000 Island
77%
433.000 Malta
76%
643.000 Montenegro
74%
3.600.000 Moldawien
71%
9.700.000 Türkei (nur West-Instanbul)
68%
2.066.000 Mazedonien
66%
1.286.000 Kasachstan (Provinzen: Atyrau, Westkasachstan)
14%
Keine übereinstimmenden Quizze gefunden
Verteilung der Resultate
Anzahl Personen mit jedem Resultat
Perzentil nach korrekt beantworteten Fragen
Ihre Resultats-Entwicklung
Sie haben dieses Quiz seit der letzten Aktualisierung nicht gespielt